Statistiques concernant Sauvez les Américains en devinant des états

Cliquez ici pour prendre le quiz!

Statistiques générales

  • Ce quiz a été pris 24 699 fois
    (24 445 depuis la dernière actualisation)
  • Le résultat moyen est 135 sur 330

Réponses sur la Carte

Les réponses sont colorées sur une échelle allant du rouge au vert en fonction du pourcentage des utilisateurs qui les ont devinées à leur premier essai. Vous pouvez retrouver ces pourcentages ci-dessous.
 

Statistiques - réponses

PopulationState% Correct
39,512,223Californie
85%
19,453,561New York
79%
28,995,881Texas
79%
21,477,737Floride
66%
7,614,893Washington
56%
3,080,156Nevada
34%
11,689,100Ohio
33%
4,217,737Oregon
31%
4,903,185Alabama
29%
7,278,717Arizona
29%
12,671,821Illinois
29%
8,882,190New Jersey
29%
731,545Alaska
27%
10,488,084Caroline du Nord
26%
9,986,857Michigan
26%
3,205,958Utah
26%
5,758,736Colorado
24%
1,344,212Maine
24%
10,617,423Géorgie
23%
5,148,714Caroline du Sud
22%
4,648,794Louisiane
22%
3,017,825Arkansas
21%
12,801,989Pennsylvanie 
21%
2,913,314Kansas
20%
1,415,872Hawaï
19%
3,155,070Iowa
19%
8,535,519Virginie
19%
2,976,149Mississippi
18%
2,096,829Nouveau-Mexique
18%
762,062Dakota du Nord
17%
1,787,065Idaho
17%
1,068,778Montana
17%
884,659Dakota du Sud
16%
6,949,503Massachusetts
15%
623,989Vermont
15%
6,732,219Indiana
14%
973,764Delaware
12%
5,822,434Wisconsin
12%
5,639,632Minnesota
11%
6,137,428Missouri
11%
1,934,408Nebraska
11%
6,833,174Tennessee
11%
578,759Wyoming
11%
3,565,287Connecticut
10%
4,467,673Kentucky
10%
6,045,680Maryland
9%
1,359,711New Hampshire
9%
3,956,971Oklahoma
9%
1,059,361Rhode Island
8%
1,792,147Virginie-Occidentale
4%

Distribution des résultats

Percentile par nombre de réponses

% des personnes avec chaque résultat

Votre développement - résultats

Vous n’avez pas pris ce quiz depuis la dernière actualisation